| 000 | 00537nam a2200181Ia 4500 | ||
|---|---|---|---|
| 008 | 151018s9999 xx 000 0 und d | ||
| 082 |
_bRBASDV26475 _a891.463 |
||
| 100 | _aउत्तम बंडू तुपे | ||
| 245 | _aनाक्षरी | ||
| 250 | _b1 | ||
| 260 |
_bशशिदीप _c1993 |
||
| 300 | _a177 | ||
| 600 | _aउत्तम बंडू तुपे | ||
| 630 | _aनाक्षरी | ||
| 700 | _aउत्तम बंडू तुपे | ||
| 730 | _aनाक्षरी | ||
| 942 | _cBOOK | ||
| 999 |
_c1026078 _d1026075 |
||